[Event "English Schools Championship Final 2024"]
[Site "Nottingham University Kings Meadow Campus, United Kingdom"]
[Date "2024.06.27"]
[Round "2.62"]
[White "Mussa, Rayyan"]
[Black "Rivera, Roman"]
[Result "1-0"]
[TimeControl "G50' + 10\" per move."]
[WhiteFideId "343422225"]
[WhiteElo "1599"]
[BlackElo "1699"]

1. e4 {[%clk 00:50:07]} {[%emt 00:00:03]} e5 {[%clk 00:50:07]} {[%emt
00:00:18]} 2. Nf3 {[%clk 00:50:17]} {[%emt 00:00:09]} Nc6 {[%clk 00:50:01]}
{[%emt 00:00:16]} 3. Bc4 {[%clk 00:50:21]} {[%emt 00:00:05]} h6 {[%clk
00:49:35]} {[%emt 00:00:37]} 4. O-O {[%clk 00:50:15]} {[%emt 00:00:15]} Bc5
{[%clk 00:49:31]} {[%emt 00:00:14]} 5. c3 {[%clk 00:50:19]} {[%emt 00:00:07]}
d6 {[%clk 00:48:41]} {[%emt 00:00:59]} 6. Re1 {[%clk 00:50:10]} {[%emt
00:00:19]} Nce7 {[%clk 00:47:33]} {[%emt 00:01:19]} 7. a4 {[%clk 00:50:07]}
{[%emt 00:00:13]} a6 {[%clk 00:47:03]} {[%emt 00:00:39]} 8. d4 {[%clk
00:49:50]} {[%emt 00:00:27]} exd4 {[%clk 00:46:07]} {[%emt 00:01:07]} 9. cxd4
{[%clk 00:49:53]} {[%emt 00:00:07]} Ba7 {[%clk 00:45:43]} {[%emt 00:00:33]} 10.
Qb3 {[%clk 00:49:40]} {[%emt 00:00:24]} Be6 {[%clk 00:40:55]} {[%emt 00:04:57]}
11. Bxe6 {[%clk 00:49:29]} {[%emt 00:00:21]} fxe6 {[%clk 00:40:37]} {[%emt
00:00:29]} 12. Qxe6 {[%clk 00:49:33]} {[%emt 00:00:05]} Qd7 {[%clk 00:38:29]}
{[%emt 00:02:16]} 13. Qxd7+ {[%clk 00:49:22]} {[%emt 00:00:23]} Kxd7 {[%clk
00:38:13]} {[%emt 00:00:26]} 14. Nc3 {[%clk 00:49:30]} {[%emt 00:00:02]} Rf8
{[%clk 00:34:48]} {[%emt 00:03:35]} 15. Be3 {[%clk 00:49:20]} {[%emt 00:00:22]}
g5 {[%clk 00:31:36]} {[%emt 00:03:21]} 16. h3 {[%clk 00:48:56]} {[%emt
00:00:34]} c6 {[%clk 00:28:54]} {[%emt 00:02:51]} 17. e5 {[%clk 00:48:53]}
{[%emt 00:00:14]} Nf5 {[%clk 00:26:54]} {[%emt 00:02:10]} 18. exd6 {[%clk
00:48:17]} {[%emt 00:00:45]} Kxd6 {[%clk 00:22:46]} {[%emt 00:04:19]} 19. Ne4+
{[%clk 00:48:01]} {[%emt 00:00:26]} Kc7 {[%clk 00:20:16]} {[%emt 00:02:39]} 20.
Rac1 {[%clk 00:47:02]} {[%emt 00:01:09]} Nxe3 {[%clk 00:19:24]} {[%emt
00:01:03]} 21. Rxe3 {[%clk 00:47:03]} {[%emt 00:00:08]} Nf6 {[%clk 00:17:51]}
{[%emt 00:01:43]} 22. Nc5 {[%clk 00:45:58]} {[%emt 00:01:16]} Re8 {[%clk
00:16:16]} {[%emt 00:01:42]} 23. Rce1 {[%clk 00:45:20]} {[%emt 00:00:50]} Rxe3
{[%clk 00:14:54]} {[%emt 00:01:33]} 24. Rxe3 {[%clk 00:44:56]} {[%emt
00:00:33]} Re8 {[%clk 00:13:48]} {[%emt 00:01:16]} 25. Rxe8 {[%clk 00:44:34]}
{[%emt 00:00:31]} Nxe8 {[%clk 00:13:56]} {[%emt 00:00:03]} 26. Ne6+ {[%clk
00:44:38]} {[%emt 00:00:07]} Kd6 {[%clk 00:13:49]} {[%emt 00:00:17]} 27. Nd8
{[%clk 00:43:56]} {[%emt 00:00:52]} b5 {[%clk 00:11:52]} {[%emt 00:02:06]} 28.
axb5 {[%clk 00:43:52]} {[%emt 00:00:14]} cxb5 {[%clk 00:11:12]} {[%emt
00:00:51]} 29. Nf7+ {[%clk 00:43:55]} {[%emt 00:00:08]} Kd5 {[%clk 00:10:58]}
{[%emt 00:00:23]} 30. Nxh6 {[%clk 00:43:54]} {[%emt 00:00:11]} Bxd4 {[%clk
00:10:37]} {[%emt 00:00:41]} 31. b3 {[%clk 00:42:41]} {[%emt 00:01:33]} Bf6
{[%clk 00:09:36]} {[%emt 00:01:11]} 32. Ng4 {[%clk 00:42:42]} {[%emt 00:00:09]}
Be7 {[%clk 00:09:17]} {[%emt 00:00:29]} 33. Ne3+ {[%clk 00:42:39]} {[%emt
00:00:13]} Kc5 {[%clk 00:08:28]} {[%emt 00:00:59]} 34. Nc2 {[%clk 00:42:40]}
{[%emt 00:00:09]} a5 {[%clk 00:07:34]} {[%emt 00:01:04]} 35. g3 {[%clk
00:42:22]} {[%emt 00:00:28]} Kd5 {[%clk 00:06:59]} {[%emt 00:00:45]} 36. Nfd4
{[%clk 00:42:20]} {[%emt 00:00:12]} Nd6 {[%clk 00:06:13]} {[%emt 00:00:56]} 37.
Kf1 {[%clk 00:41:42]} {[%emt 00:00:48]} Bf6 {[%clk 00:05:21]} {[%emt 00:01:02]}
38. Nf3 {[%clk 00:41:29]} {[%emt 00:00:23]} a4 {[%clk 00:04:29]} {[%emt
00:01:02]} 39. bxa4 {[%clk 00:41:18]} {[%emt 00:00:21]} bxa4 {[%clk 00:04:35]}
{[%emt 00:00:04]} 40. h4 {[%clk 00:41:20]} {[%emt 00:00:08]} gxh4 {[%clk
00:04:20]} {[%emt 00:00:25]} 41. gxh4 {[%clk 00:41:16]} {[%emt 00:00:14]} Kc4
{[%clk 00:04:19]} {[%emt 00:00:11]} 42. Ke2 {[%clk 00:41:23]} {[%emt 00:00:02]}
Kb3 {[%clk 00:04:08]} {[%emt 00:00:22]} 43. Kd3 {[%clk 00:40:30]} {[%emt
00:01:03]} a3 {[%clk 00:03:37]} {[%emt 00:00:40]} 44. Nfd4+ {[%clk 00:39:31]}
{[%emt 00:01:10]} Bxd4 {[%clk 00:03:39]} {[%emt 00:00:08]} 45. Nxd4+ {[%clk
00:39:25]} {[%emt 00:00:16]} Kb2 {[%clk 00:03:21]} {[%emt 00:00:28]} 46. Nc2
{[%clk 00:39:17]} {[%emt 00:00:18]} a2 {[%clk 00:03:22]} {[%emt 00:00:08]} 47.
h5 {[%clk 00:39:20]} {[%emt 00:00:08]} Nf5 {[%clk 00:02:38]} {[%emt 00:00:54]}
48. f4 {[%clk 00:38:23]} {[%emt 00:01:07]} Nh6 {[%clk 00:02:38]} {[%emt
00:00:10]} 49. Kd2 {[%clk 00:37:28]} {[%emt 00:01:05]} Nf5 {[%clk 00:02:41]}
{[%emt 00:00:07]} 50. Kd3 {[%clk 00:37:23]} {[%emt 00:00:14]} Nd4 {[%clk
00:02:25]} {[%emt 00:00:27]} 51. h6 {[%clk 00:37:25]} {[%emt 00:00:09]} Nxc2
{[%clk 00:02:24]} {[%emt 00:00:10]} 52. h7 {[%clk 00:37:34]} {[%emt 00:00:02]}
a1=Q {[%clk 00:02:17]} {[%emt 00:00:17]} 53. h8=Q+ {[%emt 00:00:03]} Kb3 {[%clk
00:01:51]} {[%emt 00:00:35]} 54. Qxa1 {[%clk 00:37:30]} {[%emt 00:00:20]} Nxa1
{[%clk 00:02:00]} {[%emt 00:00:02]} 55. f5 {[%clk 00:37:40]} Nc2 {[%clk
00:02:08]} 56. Ke4 {[%clk 00:37:09]} {[%emt 00:00:41]} Nb4 {[%clk 00:02:08]}
{[%emt 00:00:10]} 57. f6 {[%clk 00:36:59]} {[%emt 00:00:20]} Nc6 {[%clk
00:01:31]} {[%emt 00:00:48]} 58. f7 {[%clk 00:37:05]} {[%emt 00:00:03]} Kc4
{[%clk 00:01:04]} {[%emt 00:00:37]} 59. f8=Q {[%emt 00:00:19]} Nb4 {[%clk
00:00:57]} {[%emt 00:00:02]} 60. Qc8+ {[%clk 00:37:17]} {[%emt 00:00:03]} Kb3
{[%clk 00:00:58]} {[%emt 00:00:10]} 61. Kd4 {[%clk 00:37:18]} {[%emt 00:00:09]}
Nc2+ {[%clk 00:00:49]} {[%emt 00:00:19]} 62. Kd3 {[%clk 00:37:18]} {[%emt
00:00:10]} Nb4 {[%clk 00:00:56]} {[%emt 00:00:03]} 63. Kd2 {[%clk 00:37:26]}
{[%emt 00:00:02]} Ka4 {[%clk 00:00:13]} {[%emt 00:00:53]} 64. Qc4 {[%clk
00:37:29]} {[%emt 00:00:06]} Ka5 {[%clk 00:00:16]} {[%emt 00:00:08]} 65. Kc3
{[%clk 00:37:34]} {[%emt 00:00:05]} Na2+ {[%clk 00:00:00]} {[%emt 00:00:16]} 66.
Qxa2+ {[%clk 00:37:34]} {[%emt 00:00:03]} 1-0

[Event "English Schools Championship Final 2024"]
[Site "Nottingham University Kings Meadow Campus, United Kingdom"]
[Date "2024.06.27"]
[Round "2.63"]
[White "Ononye, Chigozim"]
[Black "Wu, Nathaniel"]
[Result "0-1"]
[TimeControl "G50' + 10\" per move."]
[BlackFideId "343449000"]
[WhiteElo "1627"]
[BlackElo "1447"]

1. e4 {[%clk 00:50:17]} {[%emt 00:00:05]} c6 {[%clk 00:50:20]} 2. d4 {[%clk
00:49:58]} {[%emt 00:00:29]} d5 {[%clk 00:50:29]} {[%emt 00:00:01]} 3. Nc3
{[%clk 00:49:51]} {[%emt 00:00:16]} dxe4 {[%clk 00:50:20]} {[%emt 00:00:19]} 4.
Nxe4 {[%clk 00:49:42]} {[%emt 00:00:19]} Bf5 {[%emt 00:00:23]} 5. Ng3 {[%clk
00:49:30]} Bg6 {[%clk 00:50:37]} {[%emt 00:00:02]} 6. Nf3 {[%clk 00:49:18]}
{[%emt 00:00:22]} e6 {[%clk 00:50:36]} {[%emt 00:00:11]} 7. Be2 {[%clk
00:48:59]} {[%emt 00:00:28]} Bd6 {[%clk 00:50:06]} {[%emt 00:00:40]} 8. c3
{[%clk 00:48:35]} {[%emt 00:00:35]} Nf6 {[%clk 00:49:52]} {[%emt 00:00:23]} 9.
Bd3 {[%clk 00:48:20]} {[%emt 00:00:25]} Nbd7 {[%clk 00:48:29]} {[%emt
00:01:30]} 10. Bg5 {[%clk 00:48:14]} {[%emt 00:00:18]} Qc7 {[%clk 00:47:34]}
{[%emt 00:01:05]} 11. c4 {[%clk 00:47:56]} {[%emt 00:00:29]} Bb4+ {[%clk
00:42:28]} {[%emt 00:05:15]} 12. Bd2 {[%clk 00:47:26]} {[%emt 00:00:40]} Bxd3
{[%clk 00:41:35]} {[%emt 00:01:04]} 13. Bxb4 {[%clk 00:46:38]} {[%emt
00:00:58]} Bxc4 {[%clk 00:41:29]} {[%emt 00:00:16]} 14. b3 {[%clk 00:45:52]}
{[%emt 00:00:57]} Bd5 {[%clk 00:40:39]} {[%emt 00:00:58]} 15. Rc1 {[%clk
00:45:29]} {[%emt 00:00:35]} a5 {[%clk 00:39:58]} {[%emt 00:00:50]} 16. Bd2
{[%clk 00:45:19]} {[%emt 00:00:33]} O-O {[%clk 00:38:44]} {[%emt 00:01:31]} 17.
h4 {[%clk 00:44:46]} {[%emt 00:00:43]} Ne4 {[%clk 00:36:50]} {[%emt 00:02:04]}
18. Nxe4 {[%emt 00:00:54]} Bxe4 {[%clk 00:36:53]} {[%emt 00:00:05]} 19. Ng5
{[%clk 00:44:05]} {[%emt 00:00:10]} Nf6 {[%clk 00:36:25]} {[%emt 00:00:37]} 20.
Rg1 {[%clk 00:43:12]} {[%emt 00:01:04]} Qh2 {[%clk 00:35:53]} {[%emt 00:00:41]}
21. Nh3 {[%clk 00:41:55]} {[%emt 00:01:26]} Bxg2 {[%clk 00:35:31]} {[%emt
00:00:35]} 22. Rxg2 {[%clk 00:38:40]} {[%emt 00:03:24]} Qxg2 {[%clk 00:35:25]}
{[%emt 00:00:16]} 23. Rc3 {[%clk 00:37:04]} {[%emt 00:01:46]} Ne4 {[%clk
00:35:13]} {[%emt 00:00:23]} 24. Rf3 {[%clk 00:36:57]} {[%emt 00:00:17]} Qh1+
{[%clk 00:33:24]} {[%emt 00:01:58]} 25. Ke2 {[%clk 00:36:24]} {[%emt 00:00:42]}
Qxd1+ {[%clk 00:33:20]} {[%emt 00:00:14]} 26. Kxd1 {[%emt 00:00:25]} Rad8
{[%clk 00:33:13]} 27. Ke1 {[%clk 00:35:14]} {[%emt 00:01:24]} Nxd2 {[%clk
00:33:02]} {[%emt 00:00:21]} 28. Kxd2 {[%clk 00:34:51]} {[%emt 00:00:33]} Rxd4+
{[%clk 00:33:09]} {[%emt 00:00:03]} 29. Rd3 {[%clk 00:34:16]} {[%emt 00:00:45]}
Rxd3+ {[%clk 00:33:01]} {[%emt 00:00:18]} 30. Kxd3 {[%clk 00:34:09]} {[%emt
00:00:17]} Rd8+ {[%clk 00:32:56]} {[%emt 00:00:14]} 31. Ke3 {[%clk 00:33:41]}
{[%emt 00:00:38]} Rd1 {[%clk 00:32:53]} {[%emt 00:00:14]} 32. Nf4 {[%clk
00:32:33]} {[%emt 00:01:18]} Ra1 {[%clk 00:32:47]} {[%emt 00:00:16]} 33. Nd3
{[%clk 00:32:22]} {[%emt 00:00:20]} Rxa2 {[%clk 00:32:45]} {[%emt 00:00:12]} 34.
Kd4 {[%clk 00:32:22]} {[%emt 00:00:11]} Rc2 {[%clk 00:32:32]} {[%emt 00:00:22]}
35. f3 {[%clk 00:31:51]} {[%emt 00:00:41]} c5+ {[%clk 00:32:05]} {[%emt
00:00:37]} 36. Nxc5 {[%clk 00:31:25]} {[%emt 00:00:36]} b6 {[%clk 00:30:34]}
{[%emt 00:01:42]} 37. Na4 {[%clk 00:31:08]} {[%emt 00:00:26]} b5 {[%clk
00:30:22]} {[%emt 00:00:22]} 38. Nc3 {[%clk 00:30:51]} {[%emt 00:00:28]} b4
{[%clk 00:30:05]} {[%emt 00:00:25]} 39. Ne4 {[%clk 00:30:19]} {[%emt 00:00:43]}
a4 {[%clk 00:28:39]} {[%emt 00:01:38]} 40. bxa4 {[%clk 00:29:56]} {[%emt
00:00:32]} b3 {[%clk 00:28:42]} {[%emt 00:00:08]} 41. Kd3 {[%clk 00:29:52]}
{[%emt 00:00:13]} Ra2 {[%clk 00:28:34]} {[%emt 00:00:16]} 42. Kc3 {[%clk
00:29:44]} {[%emt 00:00:19]} b2 {[%clk 00:28:12]} {[%emt 00:00:32]} 43. Kc2
{[%clk 00:29:39]} {[%emt 00:00:16]} Rxa4 {[%clk 00:27:53]} {[%emt 00:00:29]} 44.
Kxb2 {[%clk 00:29:33]} {[%emt 00:00:16]} Rxe4 {[%clk 00:27:25]} {[%emt
00:00:38]} 45. fxe4 {[%clk 00:29:16]} {[%emt 00:00:26]} f5 {[%clk 00:27:34]} 46.
Kc3 {[%clk 00:28:26]} {[%emt 00:01:01]} Kf7 {[%clk 00:27:30]} {[%emt 00:00:14]}
47. Kd4 {[%clk 00:26:56]} {[%emt 00:01:39]} f4 {[%clk 00:27:19]} {[%emt
00:00:21]} 48. e5 {[%clk 00:26:41]} {[%emt 00:00:26]} f3 {[%clk 00:26:25]}
{[%emt 00:01:04]} 49. Ke3 {[%clk 00:26:32]} {[%emt 00:00:19]} Kg6 {[%clk
00:26:23]} {[%emt 00:00:10]} 50. h5+ {[%emt 00:00:29]} Kxh5 {[%clk 00:26:15]}
{[%emt 00:00:17]} 51. Kxf3 {[%clk 00:25:52]} {[%emt 00:00:34]} Kg5 {[%clk
00:26:12]} {[%emt 00:00:13]} 52. Ke4 {[%clk 00:25:00]} {[%emt 00:01:02]} Kg4
{[%clk 00:25:58]} {[%emt 00:00:24]} 53. Ke3 {[%clk 00:24:53]} {[%emt 00:00:17]}
Kg3 {[%clk 00:25:45]} {[%emt 00:00:23]} 54. Ke4 {[%clk 00:24:27]} {[%emt
00:00:36]} h5 {[%clk 00:25:51]} {[%emt 00:00:03]} 55. Kd4 {[%clk 00:24:18]}
{[%emt 00:00:19]} h4 {[%clk 00:25:59]} {[%emt 00:00:02]} 56. Kc5 {[%emt
00:01:26]} Kf4 {[%clk 00:24:37]} {[%emt 00:00:18]} 57. Kd6 {[%clk 00:23:54]}
{[%emt 00:00:32]} 0-1

[Event "English Schools Championship Final 2024"]
[Site "Nottingham University Kings Meadow Campus, United Kingdom"]
[Date "2024.06.27"]
[Round "2.64"]
[White "Swinburn, Barnaby"]
[Black "Rivera, Romeu"]
[Result "0-1"]
[TimeControl "G50' + 10\" per move."]
[WhiteElo "1447"]
[BlackElo "1629"]

1. e4 {[%clk 00:50:17]} {[%emt 00:00:02]} c6 {[%clk 00:50:01]} {[%emt
00:00:20]} 2. Nc3 {[%clk 00:50:18]} {[%emt 00:00:07]} d5 {[%clk 00:49:48]}
{[%emt 00:00:25]} 3. Nf3 {[%clk 00:50:23]} {[%emt 00:00:04]} Bg4 {[%clk
00:49:26]} {[%emt 00:00:33]} 4. exd5 {[%clk 00:50:19]} {[%emt 00:00:12]} cxd5
{[%clk 00:49:11]} {[%emt 00:00:26]} 5. d4 {[%clk 00:50:12]} {[%emt 00:00:18]}
Nf6 {[%clk 00:49:00]} {[%emt 00:00:21]} 6. h3 {[%clk 00:50:01]} {[%emt
00:00:20]} Bh5 {[%clk 00:48:48]} {[%emt 00:00:23]} 7. Bb5+ {[%clk 00:48:39]}
{[%emt 00:01:32]} Nc6 {[%clk 00:48:34]} {[%emt 00:00:25]} 8. Be3 {[%clk
00:47:53]} {[%emt 00:00:54]} e6 {[%clk 00:48:20]} {[%emt 00:00:25]} 9. O-O
{[%clk 00:46:08]} {[%emt 00:01:55]} Bd6 {[%clk 00:47:14]} {[%emt 00:01:16]} 10.
Re1 {[%clk 00:44:45]} {[%emt 00:01:32]} O-O {[%clk 00:46:52]} {[%emt 00:00:33]}
11. Bg5 {[%clk 00:42:45]} {[%emt 00:02:09]} Be7 {[%clk 00:44:45]} {[%emt
00:02:17]} 12. Bxc6 {[%clk 00:41:31]} {[%emt 00:01:23]} bxc6 {[%clk 00:44:37]}
{[%emt 00:00:19]} 13. g4 {[%clk 00:39:18]} {[%emt 00:02:24]} Bg6 {[%clk
00:44:19]} {[%emt 00:00:28]} 14. Ne5 {[%clk 00:39:10]} {[%emt 00:00:17]} Rc8
{[%clk 00:42:29]} {[%emt 00:02:00]} 15. Nxg6 {[%clk 00:37:28]} {[%emt
00:01:52]} hxg6 {[%clk 00:42:04]} {[%emt 00:00:35]} 16. Qd3 {[%clk 00:34:40]}
{[%emt 00:02:58]} Nd7 {[%clk 00:41:03]} {[%emt 00:01:12]} 17. Bxe7 {[%clk
00:34:22]} {[%emt 00:00:27]} Qxe7 {[%clk 00:40:48]} {[%emt 00:00:24]} 18. Qa6
{[%clk 00:33:36]} {[%emt 00:00:58]} Nb6 {[%clk 00:39:26]} {[%emt 00:01:31]} 19.
b3 {[%clk 00:32:31]} {[%emt 00:01:15]} Rc7 {[%clk 00:37:09]} {[%emt 00:02:28]}
20. Na4 {[%clk 00:31:56]} {[%emt 00:00:45]} Nxa4 {[%clk 00:35:59]} {[%emt
00:01:19]} 21. Qxa4 {[%clk 00:31:51]} {[%emt 00:00:15]} Rb8 {[%clk 00:35:09]}
{[%emt 00:01:01]} 22. Re3 {[%clk 00:30:59]} {[%emt 00:01:02]} Rb4 {[%clk
00:34:12]} {[%emt 00:01:07]} 23. Qa6 {[%clk 00:28:57]} {[%emt 00:02:11]} Rxd4
{[%clk 00:33:48]} {[%emt 00:00:33]} 24. Rc3 {[%clk 00:28:25]} {[%emt 00:00:43]}
c5 {[%clk 00:30:39]} {[%emt 00:03:20]} 25. Qa5 {[%clk 00:26:27]} {[%emt
00:02:08]} c4 {[%clk 00:29:37]} {[%emt 00:01:12]} 26. Kf1 {[%clk 00:25:33]}
{[%emt 00:01:04]} Qc5 {[%clk 00:27:26]} {[%emt 00:02:21]} 27. Qxc5 {[%clk
00:24:59]} {[%emt 00:00:42]} Rxc5 {[%clk 00:27:09]} {[%emt 00:00:27]} 28. f3
{[%clk 00:24:27]} {[%emt 00:00:44]} a5 {[%clk 00:25:22]} {[%emt 00:01:57]} 29.
Ke2 {[%clk 00:24:20]} {[%emt 00:00:17]} Kf8 {[%clk 00:24:36]} {[%emt 00:00:56]}
30. Ke3 {[%clk 00:24:08]} {[%emt 00:00:22]} e5 {[%clk 00:24:10]} {[%emt
00:00:36]} 31. bxc4 {[%clk 00:21:39]} {[%emt 00:02:38]} Rdxc4 {[%clk 00:23:02]}
{[%emt 00:01:17]} 32. Rxc4 {[%clk 00:21:28]} {[%emt 00:00:21]} Rxc4 {[%clk
00:22:49]} {[%emt 00:00:25]} 33. Kd3 {[%clk 00:20:52]} {[%emt 00:00:46]} Ke7
{[%clk 00:22:18]} {[%emt 00:00:41]} 34. Rb1 {[%clk 00:20:22]} {[%emt 00:00:40]}
Rb4 {[%clk 00:21:58]} {[%emt 00:00:31]} 35. Rb3 {[%clk 00:20:01]} {[%emt
00:00:29]} Rxb3+ {[%clk 00:19:59]} {[%emt 00:02:08]} 36. cxb3 {[%clk 00:19:08]}
{[%emt 00:01:04]} Kd6 {[%clk 00:19:40]} {[%emt 00:00:31]} 37. Kc3 {[%clk
00:18:50]} {[%emt 00:00:27]} Kc5 {[%clk 00:19:22]} {[%emt 00:00:28]} 38. a3
{[%clk 00:18:52]} {[%emt 00:00:08]} f5 {[%clk 00:18:44]} {[%emt 00:00:48]} 39.
Kd3 {[%clk 00:18:18]} {[%emt 00:00:44]} f4 {[%clk 00:16:25]} {[%emt 00:02:30]}
40. h4 {[%clk 00:17:56]} {[%emt 00:00:31]} Kb5 {[%clk 00:15:52]} {[%emt
00:00:43]} 41. Kc3 {[%clk 00:14:56]} {[%emt 00:03:10]} e4 {[%clk 00:15:16]}
{[%emt 00:00:46]} 42. fxe4 {[%clk 00:14:36]} {[%emt 00:00:30]} dxe4 {[%clk
00:15:06]} {[%emt 00:00:19]} 43. Kd4 {[%clk 00:14:40]} {[%emt 00:00:07]} e3
{[%clk 00:13:09]} {[%emt 00:02:07]} 44. Kd3 {[%clk 00:14:47]} {[%emt 00:00:02]}
Kc5 {[%clk 00:12:51]} {[%emt 00:00:29]} 45. Ke2 {[%clk 00:14:50]} {[%emt
00:00:07]} Kd4 {[%clk 00:12:04]} {[%emt 00:00:57]} 46. Kd1 {[%clk 00:14:24]}
{[%emt 00:00:37]} f3 {[%clk 00:11:46]} {[%emt 00:00:27]} 47. Ke1 {[%clk
00:14:29]} {[%emt 00:00:06]} Kc3 {[%clk 00:11:38]} {[%emt 00:00:18]} 48. b4
{[%emt 00:00:04]} 0-1

[Event "English Schools Championship Final 2024"]
[Site "Nottingham University Kings Meadow Campus, United Kingdom"]
[Date "2024.06.27"]
[Round "2.65"]
[White "Ma, Haoren"]
[Black "Comer, Rufus"]
[Result "1/2-1/2"]
[TimeControl "G50' + 10\" per move."]
[WhiteElo "1698"]
[BlackElo "1658"]

1. e4 {[%clk 00:50:14]} {[%emt 00:00:05]} c5 {[%clk 00:49:45]} {[%emt
00:00:34]} 2. Nf3 {[%clk 00:50:02]} {[%emt 00:00:24]} e6 {[%clk 00:49:49]}
{[%emt 00:00:04]} 3. d4 {[%clk 00:49:55]} {[%emt 00:00:18]} cxd4 {[%clk
00:49:51]} {[%emt 00:00:07]} 4. Nxd4 {[%clk 00:49:45]} {[%emt 00:00:21]} Nf6
{[%clk 00:49:59]} {[%emt 00:00:02]} 5. e5 {[%clk 00:49:12]} {[%emt 00:00:43]}
Nd5 {[%clk 00:49:41]} {[%emt 00:00:28]} 6. a3 {[%clk 00:48:55]} {[%emt
00:00:28]} Bc5 {[%clk 00:49:35]} {[%emt 00:00:14]} 7. Nb3 {[%clk 00:48:41]}
{[%emt 00:00:26]} Be7 {[%clk 00:49:20]} {[%emt 00:00:25]} 8. Bd2 {[%clk
00:48:14]} {[%emt 00:00:35]} b6 {[%clk 00:49:08]} {[%emt 00:00:24]} 9. Nc3
{[%clk 00:47:55]} {[%emt 00:00:29]} Nxc3 {[%clk 00:49:07]} {[%emt 00:00:09]} 10.
Bxc3 {[%clk 00:47:53]} {[%emt 00:00:13]} Bb7 {[%clk 00:49:07]} {[%emt
00:00:08]} 11. Qd2 {[%clk 00:47:31]} {[%emt 00:00:34]} Nc6 {[%clk 00:48:48]}
{[%emt 00:00:25]} 12. O-O-O {[%clk 00:47:11]} {[%emt 00:00:30]} Qc7 {[%clk
00:48:19]} {[%emt 00:00:42]} 13. f4 {[%clk 00:46:53]} {[%emt 00:00:29]} O-O-O
{[%clk 00:48:24]} {[%emt 00:00:05]} 14. Bb5 {[%clk 00:46:17]} {[%emt 00:00:47]}
d5 {[%clk 00:47:50]} {[%emt 00:00:44]} 15. Bxc6 {[%clk 00:45:46]} {[%emt
00:00:40]} Qxc6 {[%clk 00:47:50]} {[%emt 00:00:08]} 16. Bd4 {[%clk 00:45:16]}
{[%emt 00:00:43]} Rd7 {[%clk 00:47:36]} {[%emt 00:00:24]} 17. h4 {[%clk
00:44:49]} {[%emt 00:00:36]} Rc7 {[%clk 00:47:22]} {[%emt 00:00:24]} 18. Rh3
{[%clk 00:44:31]} {[%emt 00:00:28]} Kb8 {[%clk 00:47:16]} {[%emt 00:00:15]} 19.
Rc3 {[%clk 00:44:15]} {[%emt 00:00:26]} Qd7 {[%clk 00:46:44]} {[%emt 00:00:42]}
20. Qe3 {[%clk 00:43:25]} {[%emt 00:01:01]} Rhc8 {[%clk 00:46:30]} {[%emt
00:00:24]} 21. Rdd3 {[%clk 00:43:19]} {[%emt 00:00:16]} Ba6 {[%clk 00:46:04]}
{[%emt 00:00:36]} 22. Rxc7 {[%clk 00:43:03]} {[%emt 00:00:25]} Qxc7 {[%clk
00:46:05]} {[%emt 00:00:09]} 23. Rc3 {[%clk 00:42:53]} {[%emt 00:00:21]} Qd7
{[%clk 00:45:57]} {[%emt 00:00:17]} 24. Qg3 {[%clk 00:42:38]} {[%emt 00:00:27]}
g6 {[%clk 00:45:27]} {[%emt 00:00:40]} 25. Qh3 {[%clk 00:42:19]} {[%emt
00:00:25]} Qb5 {[%clk 00:44:26]} {[%emt 00:01:14]} 26. g3 {[%clk 00:41:21]}
{[%emt 00:01:07]} Qf1+ {[%clk 00:44:15]} {[%emt 00:00:20]} 27. Qxf1 {[%clk
00:41:22]} {[%emt 00:00:08]} Bxf1 {[%clk 00:44:13]} {[%emt 00:00:15]} 28. Rxc8+
{[%clk 00:40:47]} {[%emt 00:00:38]} Kxc8 {[%clk 00:44:23]} 29. Nd2 {[%clk
00:40:02]} {[%emt 00:01:03]} Bh3 {[%clk 00:44:13]} {[%emt 00:00:18]} 30. b4
{[%clk 00:39:48]} {[%emt 00:00:25]} a5 {[%clk 00:43:37]} {[%emt 00:00:47]} 31.
c3 {[%clk 00:39:34]} {[%emt 00:00:24]} Kb7 {[%clk 00:43:21]} {[%emt 00:00:25]}
32. Kb2 {[%clk 00:39:27]} {[%emt 00:00:18]} Ka6 {[%clk 00:43:09]} {[%emt
00:00:22]} 33. Kb3 {[%clk 00:39:22]} {[%emt 00:00:14]} b5 {[%clk 00:42:53]}
{[%emt 00:00:25]} 34. a4 {[%clk 00:38:51]} {[%emt 00:00:42]} axb4 {[%clk
00:42:55]} {[%emt 00:00:07]} 35. cxb4 {[%clk 00:37:57]} {[%emt 00:01:03]} bxa4+
{[%clk 00:42:58]} {[%emt 00:00:09]} 36. Kxa4 {[%clk 00:37:57]} {[%emt
00:00:10]} Bf5 {[%clk 00:42:47]} {[%emt 00:00:21]} 37. b5+ {[%clk 00:37:15]}
{[%emt 00:00:52]} Kb7 {[%clk 00:42:54]} {[%emt 00:00:03]} 38. Ka5 {[%clk
00:36:46]} {[%emt 00:00:39]} Bd8+ {[%clk 00:42:41]} {[%emt 00:00:23]} 39. b6
{[%clk 00:36:44]} {[%emt 00:00:12]} Bg4 {[%clk 00:39:00]} {[%emt 00:03:50]} 40.
Nb3 {[%clk 00:36:30]} {[%emt 00:00:26]} Be2 {[%clk 00:39:02]} {[%emt 00:00:08]}
41. Nc5+ {[%clk 00:35:55]} {[%emt 00:00:45]} Kc6 {[%clk 00:36:16]} {[%emt
00:02:56]} 42. Na6 {[%clk 00:35:33]} {[%emt 00:00:31]} Kb7 {[%clk 00:36:10]}
{[%emt 00:00:14]} 43. Nb4 {[%clk 00:34:58]} {[%emt 00:00:48]} Be7 {[%clk
00:35:01]} {[%emt 00:01:19]} 44. Nc2 {[%clk 00:34:48]} {[%emt 00:00:19]} Kb8
{[%clk 00:33:40]} {[%emt 00:01:31]} 45. Be3 {[%clk 00:34:49]} {[%emt 00:00:09]}
Kb7 {[%clk 00:33:15]} {[%emt 00:00:34]} 46. Nd4 {[%clk 00:34:51]} {[%emt
00:00:09]} Bc5 {[%clk 00:33:10]} {[%emt 00:00:15]} 47. Bg1 {[%clk 00:33:42]}
{[%emt 00:01:19]} Bg4 {[%clk 00:32:45]} {[%emt 00:00:35]} 48. Kb5 {[%clk
00:32:55]} {[%emt 00:00:58]} Bxb6 {[%clk 00:31:49]} {[%emt 00:00:44]} 49. Bf2
{[%clk 00:32:25]} {[%emt 00:01:00]} Bxd4 {[%clk 00:31:53]} {[%emt 00:00:05]} 50.
Bxd4 {[%clk 00:32:08]} {[%emt 00:00:28]} Kc7 {[%clk 00:31:54]} {[%emt
00:00:11]} 51. Kc5 {[%clk 00:32:11]} {[%emt 00:00:07]} Kd7 {[%clk 00:31:44]}
{[%emt 00:00:10]} 52. Kb6 {[%clk 00:32:00]} {[%emt 00:00:30]} Ke8 {[%clk
00:31:46]} {[%emt 00:00:08]} 53. Kc7 {[%clk 00:31:55]} {[%emt 00:00:16]} Kf8
{[%clk 00:31:54]} {[%emt 00:00:02]} 54. Kd7 {[%clk 00:31:48]} {[%emt 00:00:16]}
1/2-1/2